| 000 | 006030000a22002290004500 | ||
|---|---|---|---|
| 003 | LK-CoMWRAF | ||
| 005 | 20231202130422.0 | ||
| 008 | 230817t2001 ||||| |||| 00| 0 eng d | ||
| 020 | _a1583224890 | ||
| 040 |
_aLK-CoMWRAF _dLK-CoMWRAF _eLK-CoMWRAF |
||
| 041 | _aeng | ||
| 082 |
_a363.32 _bCHO |
||
| 100 | _aChomsky, Noam | ||
| 245 | _a9 - 11 | ||
| 260 |
_aNew York: _bSeven Stories Press, _c2001 |
||
| 300 | _a125 p. ; 18 cm | ||
| 650 | _a Chomsky, Noam -- Interviews | ||
| 650 | _aQaida (Organization) | ||
| 650 | _aTerrorism -- Prevention | ||
| 650 | _aInternational relations | ||
| 942 | _cBK | ||
| 999 |
_c549 _d549 |
||